00269nam a2200097Ia 4500008004100000100001900041245005500060260002900115300000900144650001800153191201s2005 xx 000 0 und d aMAYOR, Michael 0aMacmillan English Dictionary for Advanced Learners aN.DelhibMacmillanc2005 a1691 aGeneral Books